On the surjectivity conditions of a linear functional differential operator of the second order

Linear second-order functional differential equations without the Volterra condition are studied. Sufficient conditions for the everywhere solvability of the equation (surjectivity of the corresponding functional differential operator) are obtained in terms of norms of the positive and negative part...

Teljes leírás

Elmentve itt :
Bibliográfiai részletek
Szerző: Bravyi Eugene
Dokumentumtípus: Folyóirat
Megjelent: 2025
Sorozat:Electronic journal of qualitative theory of differential equations
Kulcsszavak:Differenciálegyenlet - funkcionál, Határértékfeladatok
Tárgyszavak:
doi:10.14232/ejqtde.2025.1.11

Online Access:http://acta.bibl.u-szeged.hu/88891
LEADER 01448nas a2200229 i 4500
001 acta88891
005 20251119122345.0
008 251119s2025 hu o 000 eng d
022 |a 1417-3875 
024 7 |a 10.14232/ejqtde.2025.1.11  |2 doi 
040 |a SZTE Egyetemi Kiadványok Repozitórium  |b hun 
041 |a eng 
100 1 |a Bravyi Eugene 
245 1 3 |a On the surjectivity conditions of a linear functional differential operator of the second order  |h [elektronikus dokumentum] /  |c  Bravyi Eugene 
260 |c 2025 
300 |a 19 
490 0 |a Electronic journal of qualitative theory of differential equations 
520 3 |a Linear second-order functional differential equations without the Volterra condition are studied. Sufficient conditions for the everywhere solvability of the equation (surjectivity of the corresponding functional differential operator) are obtained in terms of norms of the positive and negative parts of the functional operators. These conditions are shown to be sharp in the sense that if they are not satisfied, then there exists an equation with no solution. The obtained solvability conditions are formulated directly for the equation itself, without considering specific boundary value problems. 
650 4 |a Természettudományok 
650 4 |a Matematika 
695 |a Differenciálegyenlet - funkcionál, Határértékfeladatok 
856 4 0 |u http://acta.bibl.u-szeged.hu/88891/1/ejqtde_2025_011.pdf  |z Dokumentum-elérés